000 00330nam a22001457a 4500
003 SGT
020 _a978-93-88022-90-3
082 _a615.1
_bSAN
100 _aSANSARE, VIPUL A.
245 _aTEXTBOOK OF PHARMACEUTICS -II
260 _aINDIA
_bIP PUB.
_c2023
300 _a179
650 _aPHARMACEITICS -II
942 _2ddc
_cBK
999 _c34218
_d34218